000 00665nam a2200229Ia 4500
003 OSt
005 20220927105719.0
006 a|||||r|||| 00| 0
007 ta
008 220926b |||||||| |||| 00| 0 eng d
024 _a201357
037 _cReference Collections
040 _aRTL
_cRTL
_beng
041 _2eng
_aeng
082 _a"X724:(z2)g, TD/RR"
100 _aSINGHANIA Vinod k.
_9374344
245 0 _aTaxmann's Direct Taxes Ready Reckoner
260 _a"Delhi,"
_b"Taxmann Publication, India "
_c1992
300 _aD-34
_ccm.
942 _h"X724:(z2)g, TD/RR"
_cCC
999 _c694054
_d694054